000 01869nam0a2200349 4500
001 RU\NLR\bibl\352357
005 20260407024021.0
021 _aRU
_b2002-49438
_92391
035 _a(NLR Aleph) 000347061
090 _a252443
_c252443
100 _a20021218d2002 |||y0rusy50 ca
101 0 _arus
102 _aRU
105 _aa |||||||||
200 1 _aПерфоративные язвы желудка и двенадцатиперстной кишки
_eПракт. пособие
_fМ-во здравоохранения Рос. Федерации, С.-Петерб. гос. мед. ун-т им. И.П. Павлова, Каф. фак. хирургии
_g[В.М. Седов и др.]
210 _aСПб.
_cИзд-во СПбГМУ
_d2002
215 _a31 с., включая обл.
_cил.
_d20
606 0 _aЯзвенная болезнь с прободением
_jРуководства, пособия и т.п.
_91402178
_3RU\NLR\auth\66277864
606 0 _aПрободные гастродуоденальные язвы
_jРуководства, пособия и т.п.
_92273238
_3RU\NLR\auth\661362409
610 0 _aЯзвенная болезнь
675 _a616.33/.34-002.44-089
_v3
_zrus
686 _a76.29
_2rugasnti
686 _a54.13+56.6
_2rubbk
686 _aР457.465.320.66я7
702 1 _4220
_7ca
_8rus
_aСедов
_bВ. М.
_cд-р мед. наук
_gВалерий Михайлович
_94101
_3RU\NLR\auth\7721035
712 0 2 _4570
_aСанкт-Петербургский государственный медицинский университет им. И. П. Павлова
_bКафедра факультетской хирургии
_9516904
_3RU\NLR\AUTH\8810009587
801 0 _aRU
_bRKP
_c20021218
_gPSBO
801 1 _aRU
_bRKP
_c20021218
801 2 _aRU
_bNLR
_c20101203
_grcr
942 _cBOOK
980 _aNB